| 000 | 01311cam a2200349 a 4500 | ||
|---|---|---|---|
| 999 |
_c250782 _d250782 |
||
| 001 | 15055120 | ||
| 003 | OSt | ||
| 005 | 20230623122315.0 | ||
| 008 | 071023s2008 nyua 001 0 eng | ||
| 010 | _a 2007939983 | ||
| 020 | _a9780312434236 (student ed. with readings) | ||
| 020 | _a0312434235 (student ed. with readings) | ||
| 020 | _a9780312440886 (instructor's annotated ed.) | ||
| 020 | _a031244088X (instructor's annotated ed.) | ||
| 040 |
_aDLC _cDLC _dDLC |
||
| 050 | 0 | 0 |
_aPE1439 _b.K56 2008 |
| 082 | 0 | 0 |
_a808/.042 _222 |
| 100 | 1 | _aKirszner, Laurie G. | |
| 245 | 1 | 0 |
_aFocus on writing : _bparagraphs and essays / _cLaurie G. Kirszner, Stephen R. Mandell. |
| 260 |
_aNew York, NY : _bBedford/St. Martins, _cc2008. |
||
| 300 |
_axxxiii, 699 p. : _bcol. ill. ; _c24 cm. |
||
| 500 | _aIncludes indexes. | ||
| 650 | 0 |
_aEnglish language _xParagraphs _vProblems, exercises etc. |
|
| 650 | 0 |
_aEnglish language _xEssays _vProblems, exercises etc. |
|
| 650 | 0 |
_aEnglish language _xRhetoric _vProblems, exercises, etc. |
|
| 650 | 0 |
_aReport writing _vProblems, exercises, etc. |
|
| 650 | 0 | _aCollege readers. | |
| 700 | 1 | _aMandell, Stephen R. | |
| 906 |
_a7 _bcbc _corignew _d2 _eepcn _f20 _gy-gencatlg |
||
| 942 |
_2lcc _cBK |
||